Zhodnotenie sortimentu jabloní v SR

Bibliographic Details
Main Author: Michálek, Samuel (Author)
Format: Article
Language:Slovak
PhysicalDescription:Obr. 1. Tb. 1.
Subjects:

MARC

LEADER 00000nab a2200000 a 4500
001 vtls000390208
003 SK-MaSNL
005 20260302232550.0
008 111202c1990 xo 0 slo
015 |a SNBRB19rr/mm-uuuuu 
035 |a CL0390332 
040 |a SNKBUCL  |b slo  |c SNKBUCL  |e AACR2 
041 0 |a slo 
044 |a xo  |c SK 
080 |a 634.11:631.526  |2 1981 
080 |a 631.526  |2 1981 
100 1 |a Michálek, Samuel  |4 aut  |9 208256 
245 1 0 |a Zhodnotenie sortimentu jabloní v SR  |c Samuel Michálek 
300 |b Obr. 1. Tb. 1. 
650 0 7 |a jablone  |2 snkbucl  |9 14762 
655 7 |a články z novín a časopisov  |2 snkbucl  |9 267496 
773 0 |t Záhradníctvo  |g Roč. 15, č. 8 (1990), s. 339-340 
850 |a Slovenská národná knižnica v Martine  |a MTA001 
852 |a SNK  |b KIS3GCP 
958 |a RK 
992 |a RBX 
999 |c 1543513  |d 1545443